Gaming Quiz

Random Gaming or City Quiz

Video Game Cities Quiz Stats

 Plays Quiz Updated Sep 18, 2016

Challenge
Share
Tweet
Score 0/20 Timer 05:00
0 Plays Today
% Correct
New York City
95.3%
Rome
92.6%
Paris
91.1%
Tokyo
88.5%
London
88.3%
Los Angeles
87.6%
San Francisco
86.5%
Moscow
85.1%
Washington, D.C.
84.7%
Berlin
81.8%
% Correct
Venice
76%
Rio de Janeiro
75.9%
Beijing
75.4%
Dubai
69.6%
Seattle
68.2%
Chicago
67.1%
St. Louis
61.7%
Hong Kong
58.4%
Jerusalem
54.6%
Giza
50.5%

You're not logged in!

Compare scores with friends on all Sporcle quizzes.
Join for Free
OR
Log In

You Might Also Like...

Show Comments

Extras

Top Quizzes Today


Score Distribution

Your Account Isn't Verified!

In order to create a playlist on Sporcle, you need to verify the email address you used during registration. Go to your Sporcle Settings to finish the process.

Report this User

Report this user for behavior that violates our Community Guidelines.

Details: